| 000 | 01050nam a22002777i 4500 | ||
|---|---|---|---|
| 003 | EG-ScBUE | ||
| 005 | 20230613103405.0 | ||
| 008 | 200219s2020 ua f 000 0 eng d | ||
| 020 | _a9789779130033 | ||
| 040 |
_aEG-ScBUE _beng _erda _cEG-ScBUE _dEG-ScBUE |
||
| 041 | 1 |
_aeng _hara |
|
| 082 | 0 | 4 |
_222 _a297.14 _bJUM |
| 100 | 1 |
_aJumʻah, Muḥammad Mukhtār, _eauthor. |
|
| 245 | 1 | 0 |
_aCorrecting some concepts for understanding the Sirah and Sunnah / _cby prof. Dr. Muhammad Mukhtar Jum'ah Mabruk, Minister of Awqaf ; translated by prof. Dr. Ali Ali Shaban, Al-Azhar University. |
| 250 | _aFirst edition. | ||
| 264 | 1 |
_aCairo : _bEgyptian General Book, _c2020. |
|
| 300 |
_a122 pages ; _c18 cm |
||
| 336 |
_2rdacontent _atext _btxt |
||
| 337 |
_2rdamedia _aunmediated _bn |
||
| 338 |
_2rdacarrier _avolume _bnc |
||
| 546 | _aText in English ; translated from the original Arabic. | ||
| 650 | 7 |
_aIslamic law _xInterpretation and construction. _2BUEsh |
|
| 655 |
_vReading book _934232 |
||
| 700 | 1 |
_aShaban, Ali Ali, _etranslator. |
|
| 942 |
_2ddc _cBB |
||
| 999 |
_c30478 _d30449 |
||